00445nam a2200157Ia 4500001000500000005001700005008004100022041000800063082001500071100006500086245008300151260000900234300002800243650000800271654000800279512020260306145845.0260306t2002||||xx |||||||||||||| ||spa|| aESP a333.7bM95 aMunicipalidad Provincial de Arequipa. Proyecto PROCHILIeAUT 0aPlan de gestión ambiental de la Cuenca Metropolitana del rio Chili, Arequipa c2002 a134 páginas :c20 cm. aGEN aCAN